[Event "Heraklion Gazi op 13th"]
[Site "Heraklion"]
[Date "2017.08.05"]
[Round "9"]
[White "Kelires, Andreas"]
[Black "Kharitonov, Alexandr"]
[Result "1/2-1/2"]
[WhiteElo "2505"]
[BlackElo "2558"]
[PlyCount "58"]
[EventDate "2017.07.28"]
[EventType "swiss"]
[EventRounds "9"]
[EventCountry "GRE"]
[SourceTitle "CBM 179 Extra"]
[Source "ChessBase"]
[SourceDate "2017.08.23"]
[SourceVersion "1"]
[SourceVersionDate "2017.08.23"]
[SourceQuality "1"]

1. d4 Nf6 2. c4 e6 3. g3 Bb4+ 4. Nd2 d5 5. Bg2 0-0 6. Ngf3 b6 7. 0-0 Bb7 8. cxd5 exd5 9. a3 Be7 10. b3 Nbd7 11. Bb2 Re8 12. Rc1 Bd6 13. Re1 a5 14. Qc2 c6 15. e4 Nxe4 16. Nxe4 dxe4 17. Rxe4 Rxe4 18. Qxe4 Nf6 19. Qe2 Nd5 20. Ne5 Rc8 21. h4 Rc7 22. Qd3 h6 23. Be4 Qf8 24. Nc4 Qd8 25. Nxd6 Qxd6 26. Re1 Re7 27. Bh7+ Kf8 28. Rxe7 Qxe7 29. Be4 Kg8 1/2-1/2